00869cam a2200229 a 4500999001500000001000500015003000900020005001700029008004100046040003300087082001600120100002000136245014500156250002500301260004800326300004700374504005100421650002700472650001400499942001200513952011400525 c5537d55372717BD-DhUAP20201214131619.0201214s1993 ii a bf 001 0 eng c aUKMcUKMdTXAdBD-DhUAPbEng00a690 RAN223 aRangwala, S. C.00aBuilding construction :ba text-book for engineering students /cS. C. Rangwala ; revised and enlarged by K. S. Rangwala and P. S. Rangwala. a14th rev. & enl. ed. aIndia :bCharotar publishing house,cc1993. axiii, 775 pages :billustrations ;c21 cm. aIncludes bibliographical references and index. aBuilding construction. aBuilding. 2ddccBK 00102ddc4070aUAPCLbUAPCLcGeneral Stacksd2020-12-14o690 RANp3010002717r2020-12-14t1w2020-12-14yBK